000 00526cam a22002171 4500
001 sa 65006470
003 DLC
005 20260227112142.0
008 881029s1963 xx 000 0 hino
010 _asa 65006470
035 _a(OCoLC)23580201
040 _aDLC
_cMiU
_dDLC
042 _apremarc
050 0 0 _aPK1730.26.H3
_bD8
100 1 _aKhanam, Mohsina.
245 1 0 _aDulābhāi.
260 _c1963]
300 _a85 p.
_c19 cm.
500 _aRomanized.
700 1 _aTagore, Rabindranath,
_d1861-1941
_tDui bona.
999 _c64666
_d64666